NFL Conference Sort: Lightning Round - Statistics

General Stats
  • This quiz has been taken 27 times
  • The average score is 22 of 32
Answer Stats
Hint Answer % Correct
Washington Commanders NFC
100%
Pittsburgh Steelers AFC
95%
Miami Dolphins AFC
95%
Houston Texans AFC
95%
Cincinnati Bengals AFC
95%
Cleveland Browns AFC
95%
New Orleans Saints NFC
95%
Carolina Panthers NFC
95%
Las Vegas Raiders AFC
90%
Denver Broncos AFC
90%
New England Patriots AFC
90%
Minnesota Vikings NFC
90%
Seattle Seahawks NFC
90%
Philadelphia Eagles NFC
85%
San Francisco 49ers NFC
85%
Indianapolis Colts AFC
80%
Tennessee Titans AFC
80%
Arizona Cardinals NFC
80%
Tampa Bay Buccaneers NFC
80%
Baltimore Ravens AFC
75%
Green Bay Packers NFC
75%
New York Giants NFC
70%
Los Angeles Chargers AFC
55%
Buffalo Bills AFC
45%
New York Jets AFC
40%
Kansas City Chiefs AFC
35%
Detroit Lions NFC
30%
Chicago Bears NFC
25%
Atlanta Falcons NFC
25%
Dallas Cowboys NFC
10%
Los Angeles Rams NFC
10%
Jacksonville Jaguars AFC
0%
No matching quizzes found
Score Distribution
Percent of People with Each Score
Percentile by Number Answered
Your Score History
You have not taken this quiz